00613cam a22002291 4500001001300000003000400013005001700017008004100034010001700075035002000092040001800112042001200130050001800142100002900160245005500189260001100244300002800255500001500283650004200298650002600340999001700366sa 67006227 DLC20260227112405.0881102s1966 xx 000 0 hino  asa 67006227  a(OCoLC)23545876 aDLCcMiUdDLC apremarc00aPK2042b.S4751 aShukla, Sukh Dev,d1925-10aHindī-upanyāsa kā vikāsa aura naitikatā. c[1966] a13, 354, [1] p.c23 cm. aRomanized. 0aHindi fictionxHistory and criticism. 0aLiterature and morals c75781d75781